Fifty years of Vietnamese diplomacy 1945-1995. V.1, 1945-1975 V.1

में बचाया:
ग्रंथसूची विवरण
मुख्य लेखक: Lưu Văn Lợi
स्वरूप: पुस्तक
प्रकाशित: Thế giới 2000
टैग : टैग जोड़ें
कोई टैग नहीं, इस रिकॉर्ड को टैग करने वाले पहले व्यक्ति बनें!
Thư viện lưu trữ: Mạng thư viện Đại học Đà Nẵng
LEADER 00580nam a2200229 a 4500
001 000029203
003 6135
005 20171030145630.0
008 171030s2000
020 |c 112000 
040 |a LTT 
082 0 |a 327.2  |b LƯ-L 
100 1 |a Lưu Văn Lợi 
245 0 0 |a Fifty years of Vietnamese diplomacy 1945-1995. V.1, 1945-1975  |c Lưu Văn Lợi.  |n V.1 
260 |b Thế giới  |c 2000 
OWN |a LTT 
999 |a From the UDN01 
TYP |a Monograph 
TYP |a Printed language 
980 |a Mạng thư viện Đại học Đà Nẵng